[Event "ISR-chT"]
[Site "Israel"]
[Date "2022.03.04"]
[Round "9.5"]
[White "Sidorenko, Ilya"]
[Black "Finkel, Alexander"]
[Result "1/2-1/2"]
[WhiteElo "2405"]
[BlackElo "2419"]
[PlyCount "85"]
[EventDate "2022.01.14"]
[EventType "team-tourn"]
[EventRounds "11"]
[EventCountry "ISR"]
[SourceTitle "EXT 2023"]
[Source "ChessBase"]
[SourceDate "2022.10.05"]
[SourceVersion "1"]
[SourceVersionDate "2022.10.05"]
[SourceQuality "1"]
[WhiteTeam "Ramat Gan Etude"]
[BlackTeam "Kfar Saba II"]
[WhiteTeamCountry "ISR"]
[BlackTeamCountry "ISR"]

1. e4 g6 2. d4 Bg7 3. c4 d6 4. Nc3 Nf6 5. Nf3 0-0 6. Be2 Nbd7 7. 0-0 e5 8. d5 Nc5 9. Qc2 a5 10. Bg5 h6 11. Be3 Nh5 12. g3 Bh3 13. Rfe1 Qe8 14. Nh4 Nf6 15. Rad1 Nfd7 16. Bf1 Bxf1 17. Rxf1 Kh7 18. b3 f5 19. exf5 gxf5 20. Nxf5 Qg6 21. Bxc5 Nxc5 22. Ne3 e4 23. Nb5 Rf7 24. Qe2 a4 25. b4 Nd3 26. f4 Nxf4 27. Qg4 Qxg4 28. Nxg4 Ne2+ 29. Kg2 Re7 30. Rfe1 Nc3 31. Nxc3 Bxc3 32. Re3 Bxb4 33. Rb1 Bc5 34. Rxe4 Rae8 35. Rf4 Re2+ 36. Kh3 R8e7 37. Rbf1 h5 38. Nf6+ Kg6 39. Ng8 Re8 40. Nf6 R8e7 41. Ng8 Re8 42. Nf6 R8e7 43. Ng8 1/2-1/2

[Event "ISR-chT"]
[Site "Israel"]
[Date "2022.01.22"]
[Round "4.2"]
[White "Finkel, Alexander"]
[Black "Vagman, Roy"]
[Result "1/2-1/2"]
[WhiteElo "2419"]
[BlackElo "2204"]
[PlyCount "61"]
[EventDate "2022.01.14"]
[EventType "team-tourn"]
[EventRounds "11"]
[EventCountry "ISR"]
[SourceTitle "EXT 2023"]
[Source "ChessBase"]
[SourceDate "2022.10.05"]
[SourceVersion "1"]
[SourceVersionDate "2022.10.05"]
[SourceQuality "1"]
[WhiteTeam "Kfar Saba II"]
[BlackTeam "Tel Aviv"]
[WhiteTeamCountry "ISR"]
[BlackTeamCountry "ISR"]

1. e4 c5 2. c3 d5 3. exd5 Qxd5 4. d4 Nf6 5. Nf3 e6 6. Na3 Nc6 7. Nb5 Qd8 8. Be3 cxd4 9. Nbxd4 Nd5 10. Bd2 Nxd4 11. cxd4 Be7 12. Bd3 0-0 13. Qe2 b6 14. h4 Nf6 15. Bf4 Bb7 16. Be5 Rc8 17. Rh3 h5 18. Bxf6 Bxf6 19. Rg3 Bxf3 20. Qxf3 Qxd4 21. Qxh5 Qe5+ 22. Qxe5 Bxe5 23. Rg4 Bxb2 24. Rb1 Be5 25. Ra4 Rfd8 26. Ke2 Rc7 27. h5 Rd4 28. Rxd4 Bxd4 29. g4 Rc3 30. Rb3 Rxb3 31. axb3 1/2-1/2

[Event "ISR-chT"]
[Site "Israel"]
[Date "2021.05.08"]
[Round "6.2"]
[White "Mikhalevski, Victor"]
[Black "Finkel, Alexander"]
[Result "1-0"]
[WhiteElo "2581"]
[BlackElo "2416"]
[PlyCount "50"]
[EventDate "2021.04.22"]
[EventType "team-tourn"]
[EventRounds "11"]
[EventCountry "ISR"]
[SourceTitle "EXT 2022"]
[Source "ChessBase"]
[SourceDate "2021.10.06"]
[SourceVersion "1"]
[SourceVersionDate "2021.10.06"]
[SourceQuality "1"]
[WhiteTeam "Beer Sheva Eliahu Levant"]
[BlackTeam "Kfar Saba Hapoel II"]
[WhiteTeamCountry "ISR"]
[BlackTeamCountry "ISR"]

1. Nf3 d6 2. d4 Bg4 3. c4 Nd7 4. Nc3 e5 5. e3 Ngf6 6. Be2 c6 7. 0-0 Be7 8. e4 0-0 9. Be3 exd4 10. Nxd4 Bxe2 11. Qxe2 Re8 12. Nf5 Bf8 13. Rad1 Nxe4 14. Nxe4 Rxe4 15. Nxd6 Re6 16. Nxb7 Qc7 17. Qd2 Qxb7 18. Qxd7 Qxb2 19. Rb1 Qxa2 20. Rb7 Re7 21. Qxc6 Rae8 22. Rxa7 Rxa7 23. Qxe8 Ra8 24. Qc6 Ra6 25. Qc8 h5 1-0

[Event "ISR-chT"]
[Site "Israel"]
[Date "2019.02.15"]
[Round "5.3"]
[White "Veinberg, Nimrod"]
[Black "Finkel, Alexander"]
[Result "1/2-1/2"]
[WhiteElo "2399"]
[BlackElo "2453"]
[PlyCount "158"]
[EventDate "2019.01.04"]
[EventType "team-tourn"]
[EventRounds "11"]
[EventCountry "ISR"]
[SourceTitle "CBM 188 Extra"]
[Source "ChessBase"]
[SourceDate "2019.02.26"]
[SourceVersion "1"]
[SourceVersionDate "2019.02.26"]
[SourceQuality "1"]
[WhiteTeam "Tsafrir Rehovot"]
[BlackTeam "Kfar Saba Hapoel II"]
[WhiteTeamCountry "ISR"]
[BlackTeamCountry "ISR"]

1. d4 d6 2. c4 e5 3. d5 f5 4. e4 fxe4 5. Nc3 Nf6 6. Nge2 Bf5 7. Ng3 Bg6 8. Bg5 Qd7 9. Be2 Na6 10. h4 Nc5 11. 0-0 Be7 12. Bxf6 gxf6 13. h5 Bf5 14. b4 Nd3 15. Nxf5 Qxf5 16. Bg4 Qf4 17. g3 Qh6 18. Nxe4 Nf4 19. gxf4 Rg8 20. f5 Qxh5 21. f3 Qxf5 22. Kh1 Qf4 23. Qc2 Kf8 24. Bh3 f5 25. Rae1 Rg6 26. Re2 Kg7 27. Nc3 Rf8 28. Nd1 Rff6 29. Rh2 Rg3 30. Qf2 Rh6 31. Qxg3+ Qxg3 32. Rg1 f4 33. Rxg3+ fxg3 34. Ne3 Rh5 35. Nf5+ Rxf5 36. Bxf5 gxh2 37. Kxh2 h5 38. Kg3 Bg5 39. c5 Bd2 40. cxd6 cxd6 41. b5 Be1+ 42. Kg2 Kf6 43. b6 axb6 44. Bc8 b5 45. Bxb7 b4 46. Bc8 Kg5 47. Bd7 Kf4 48. Bc8 Ke3 49. Bd7 Kd3 50. Bb5+ Kd4 51. Bc6 h4 52. Bb7 Kd3 53. Bc6 Bd2 54. Bb5+ Kd4 55. Bc6 Bf4 56. Bb7 Kd3 57. Bc6 Kd2 58. Bb5 Kc3 59. Ba4 Bg5 60. Bb5 Bd8 61. Ba4 Be7 62. Bb5 Kc2 63. Ba4+ Kb2 64. Bb3 Bd8 65. Bc4 Kc2 66. Bb5 Bf6 67. Ba4+ Kc3 68. Bb5 Kd4 69. Bc6 Kc4 70. Bb7 Kc5 71. Bc6 Kd4 72. Bb7 Ke3 73. Bc8 Kd3 74. Ba6+ Kc2 75. Bb5 Kc3 76. Ba4 Be7 77. Bb5 Kb2 78. Bc4 Bf6 79. Bb3 Kc3 1/2-1/2

[Event "Dov Porath Memorial"]
[Site "Ramat Gan"]
[Date "2018.09.09"]
[Round "5"]
[White "Baron, Tal"]
[Black "Finkel, Alexander"]
[Result "0-1"]
[WhiteElo "2532"]
[BlackElo "2453"]
[PlyCount "76"]
[EventDate "2018.09.08"]
[EventType "swiss (rapid)"]
[EventRounds "9"]
[EventCountry "ISR"]
[SourceTitle "CBM 186 Extra"]
[Source "ChessBase"]
[SourceDate "2018.08.24"]
[SourceVersion "1"]
[SourceVersionDate "2018.08.24"]
[SourceQuality "1"]

1. e4 g6 2. d4 Bg7 3. Nc3 c6 4. f4 d5 5. e5 Nh6 6. Nf3 f6 7. Bd3 Bg4 8. h3 Bxf3 9. Qxf3 0-0 10. h4 fxe5 11. dxe5 Bxe5 12. h5 g5 13. Qg3 Bg7 14. fxg5 Nf5 15. Qh3 Qd6 16. Bd2 Ng3 17. 0-0-0 Nxh1 18. Rxh1 Nd7 19. h6 Be5 20. Ne2 Nc5 21. Bf5 e6 22. Bxh7+ Kxh7 23. g6+ Kxg6 24. h7 Kg7 25. h8Q+ Rxh8 26. Bh6+ Kf7 27. Qh5+ Ke7 28. Bg5+ Kd7 29. Qf7+ Kc8 30. Rxh8+ Bxh8 31. Qe8+ Kc7 32. Qxa8 Bxb2+ 33. Kb1 Ne4 34. Qxa7 Qb4 35. c3 Bxc3+ 36. Kc2 Qb2+ 37. Kd3 Qb5+ 38. Ke3 Bd2+ 0-1

[Event "Dov Porath Memorial"]
[Site "Ramat Gan"]
[Date "2018.09.09"]
[Round "9"]
[White "Finkel, Alexander"]
[Black "Mindlin, Alon"]
[Result "0-1"]
[WhiteElo "2453"]
[BlackElo "2472"]
[PlyCount "46"]
[EventDate "2018.09.08"]
[EventType "swiss (rapid)"]
[EventRounds "9"]
[EventCountry "ISR"]
[SourceTitle "CBM 186 Extra"]
[Source "ChessBase"]
[SourceDate "2018.08.24"]
[SourceVersion "1"]
[SourceVersionDate "2018.08.24"]
[SourceQuality "1"]

1. e4 e5 2. Nc3 Nf6 3. g3 Nc6 4. Bg2 g6 5. d3 Bg7 6. f4 exf4 7. Bxf4 0-0 8. Qd2 d5 9. exd5 Re8+ 10. Nge2 Nd4 11. 0-0 Nxe2+ 12. Nxe2 Nxd5 13. Bg5 Qd6 14. c4 Nb6 15. Rac1 Na4 16. b3 Nc5 17. Bd5 Be6 18. Nf4 Bd4+ 19. Kh1 Be3 20. Qc3 Bxf4 21. Bxf4 Bxd5+ 22. cxd5 Qxd5+ 23. Kg1 Re2 0-1

[Event "Dov Porath Memorial"]
[Site "Ramat Gan"]
[Date "2018.09.08"]
[Round "2"]
[White "Mikhalevski, Victor"]
[Black "Finkel, Alexander"]
[Result "0-1"]
[WhiteElo "2565"]
[BlackElo "2453"]
[PlyCount "48"]
[EventDate "2018.09.08"]
[EventType "swiss (rapid)"]
[EventRounds "9"]
[EventCountry "ISR"]
[SourceTitle "CBM 186 Extra"]
[Source "ChessBase"]
[SourceDate "2018.08.24"]
[SourceVersion "1"]
[SourceVersionDate "2018.08.24"]
[SourceQuality "1"]

1. Nf3 d6 2. d4 Bg4 3. c4 Bxf3 4. exf3 Nd7 5. Nc3 c6 6. h4 Ngf6 7. h5 d5 8. Qb3 Qb6 9. c5 Qc7 10. f4 b6 11. cxb6 axb6 12. f5 e5 13. fxe6 fxe6 14. Be2 e5 15. dxe5 Qxe5 16. h6 g6 17. 0-0 Bc5 18. Bd2 0-0 19. Qc2 Nh5 20. Rae1 Bd6 21. f4 Qd4+ 22. Rf2 Nxf4 23. Nd1 Qe5 24. Bxf4 Rxf4 0-1

[Event "ISR-chT"]
[Site "Israel"]
[Date "2018.02.23"]
[Round "9.3"]
[White "Haimovich, Tal"]
[Black "Finkel, Alexander"]
[Result "1-0"]
[WhiteElo "2401"]
[BlackElo "2489"]
[PlyCount "83"]
[EventDate "2018.01.05"]
[EventType "team-tourn"]
[EventRounds "11"]
[EventCountry "ISR"]
[SourceTitle "EXT 2019"]
[Source "ChessBase"]
[SourceDate "2018.10.10"]
[SourceVersion "1"]
[SourceVersionDate "2018.10.10"]
[SourceQuality "1"]
[WhiteTeam "Herzliya"]
[BlackTeam "Kfar Saba Hapoel"]
[WhiteTeamCountry "ISR"]
[BlackTeamCountry "ISR"]

1. e4 g6 2. d4 Bg7 3. Nc3 c6 4. Nge2 d5 5. Be3 dxe4 6. Nxe4 Nd7 7. N2c3 Ngf6 8. Qd2 0-0 9. Bh6 Qa5 10. Bxg7 Kxg7 11. Be2 Rd8 12. Qg5 Qb6 13. 0-0-0 Nxe4 14. Nxe4 Nf6 15. Nxf6 exf6 16. Qc5 Qc7 17. Bf3 Be6 18. g3 Rac8 19. Rhe1 b6 20. Qc3 a5 21. a3 Rd6 22. Be4 Qd7 23. Rd3 Bd5 24. Bxd5 Rxd5 25. f4 c5 26. dxc5 Rcxc5 27. Red1 Rxc3 28. Rxd5 Qe7 29. bxc3 Qxa3+ 30. Kd2 Qb2 31. Re1 a4 32. Rd4 Qa2 33. f5 gxf5 34. Kd3 b5 35. Kd2 Kg6 36. Re8 h6 37. h4 a3 38. h5+ Kxh5 39. Rg8 f4 40. Rxf4 Qd5+ 41. Ke3 Qc5+ 42. Ke2 1-0

[Event "ISR-chT"]
[Site "Israel"]
[Date "2015.05.01"]
[Round "11.4"]
[White "Flom, Gabriel"]
[Black "Finkel, Alexander"]
[Result "0-1"]
[WhiteElo "2461"]
[BlackElo "2510"]
[PlyCount "91"]
[EventDate "2015.01.09"]
[EventType "team-tourn"]
[EventRounds "11"]
[EventCountry "ISR"]
[SourceTitle "EXT 2016"]
[Source "ChessBase"]
[SourceDate "2015.10.08"]
[SourceVersion "1"]
[SourceVersionDate "2015.10.08"]
[SourceQuality "1"]
[WhiteTeam "Petah Tikva Elitzur Dov"]
[BlackTeam "Kfar Saba Hapoel"]
[WhiteTeamCountry "ISR"]
[BlackTeamCountry "ISR"]

1. d4 d6 2. c4 e5 3. Nf3 e4 4. Ng5 f5 5. h4 Nf6 6. Nc3 Nc6 7. Nh3 d5 8. Bg5 dxc4 9. e3 h6 10. Bxf6 Qxf6 11. Nf4 Qf7 12. Qa4 Bd7 13. Bxc4 Qf6 14. Nfd5 Qd8 15. Nb5 Rc8 16. Nxa7 Nxa7 17. Qxa7 Bc6 18. Qa5 b6 19. Nxb6 cxb6 20. Qxf5 Bb4+ 21. Kf1 Qc7 22. Rc1 Rf8 23. Qe6+ Kd8 24. Ke2 Qd6 25. Qg4 Rc7 26. a3 Qf6 27. Rhf1 Bd6 28. b4 Re7 29. Ba6 Rc7 30. Kd2 b5 31. Rc3 Ke7 32. Rxc6 Bxb4+ 33. axb4 Qxc6 34. Qxg7+ Rf7 35. Qe5+ Kd8 36. Qc5 Qxa6 37. Qd5+ Kc8 38. Rc1 Qa3 39. Qe6+ Kb8 40. Rxc7 Rxc7 41. Qb6+ Rb7 42. Qd6+ Ka8 43. f3 Qd3+ 44. Ke1 Qxe3+ 45. Kf1 Qc1+ 46. Ke2 0-1

[Event "Maccabiah GM1"]
[Site "Jerusalem"]
[Date "2013.07.26"]
[Round "8"]
[White "Dvoirys, Semen I"]
[Black "Finkel, Alexander"]
[Result "1-0"]
[WhiteElo "2538"]
[BlackElo "2500"]
[PlyCount "89"]
[EventDate "2013.07.21"]
[EventType "tourn"]
[EventRounds "9"]
[EventCountry "ISR"]
[EventCategory "10"]
[SourceTitle "CBM 155 Extra"]
[Source "ChessBase"]
[SourceDate "2013.08.26"]
[SourceVersion "1"]
[SourceVersionDate "2013.08.26"]
[SourceQuality "1"]

1. e4 g6 2. d4 Bg7 3. Nc3 c6 4. Nf3 d6 5. h3 Nf6 6. Bd3 0-0 7. Be3 Nbd7 8. Qd2 e5 9. 0-0 b5 10. Bh6 exd4 11. Nxd4 b4 12. Nce2 c5 13. Nf3 Ne5 14. Nxe5 dxe5 15. a3 a5 16. axb4 cxb4 17. Be3 Qe7 18. b3 Bb7 19. Ng3 Nd7 20. Bc4 Nc5 21. Rfd1 Rfc8 22. Qd6 Qxd6 23. Rxd6 Nxe4 24. Rb6 Nxg3 25. Rxb7 Nf5 26. Bxf7+ Kh8 27. Bb6 Nd6 28. Bd5 e4 29. Rxg7 Kxg7 30. Bxa8 Rxa8 31. Rxa5 Rc8 32. Rc5 Ra8 33. Ba5 Kf7 34. Bxb4 Ra1+ 35. Kh2 Nf5 36. Rc7+ Ke6 37. Rxh7 Rf1 38. Bc5 Rc1 39. g4 Rxc2 40. gxf5+ gxf5 41. Be3 f4 42. Bxf4 Rxf2+ 43. Kg3 Rf3+ 44. Kg4 Rxb3 45. Rh5 1-0

[Event "Maccabiah GM1"]
[Site "Jerusalem"]
[Date "2013.07.25"]
[Round "7"]
[White "Finkel, Alexander"]
[Black "Givon, Asaf"]
[Result "1/2-1/2"]
[WhiteElo "2500"]
[BlackElo "2438"]
[PlyCount "60"]
[EventDate "2013.07.21"]
[EventType "tourn"]
[EventRounds "9"]
[EventCountry "ISR"]
[EventCategory "10"]
[SourceTitle "CBM 155 Extra"]
[Source "ChessBase"]
[SourceDate "2013.08.26"]
[SourceVersion "1"]
[SourceVersionDate "2013.08.26"]
[SourceQuality "1"]

1. e4 Nf6 2. e5 Nd5 3. d4 d6 4. c4 Nb6 5. exd6 exd6 6. Nc3 Be7 7. Nf3 0-0 8. Be2 Bf6 9. 0-0 Re8 10. h3 Bf5 11. Bf4 Nc6 12. Rc1 h6 13. b3 a6 14. Re1 Qd7 15. Qd2 Rad8 16. Bf1 Rxe1 17. Rxe1 d5 18. c5 Nc8 19. Ne5 Bxe5 20. Bxe5 Nxe5 21. Rxe5 Ne7 22. Re1 c6 23. Ne2 Re8 24. Nf4 Ng6 25. Nxg6 Bxg6 26. b4 f6 27. a4 Rxe1 28. Qxe1 Qe8 29. Qxe8+ Bxe8 30. f4 f5 1/2-1/2

[Event "Maccabiah GM1"]
[Site "Jerusalem"]
[Date "2013.07.24"]
[Round "5"]
[White "Finkel, Alexander"]
[Black "Diamant, Andre"]
[Result "1-0"]
[WhiteElo "2500"]
[BlackElo "2469"]
[PlyCount "89"]
[EventDate "2013.07.21"]
[EventType "tourn"]
[EventRounds "9"]
[EventCountry "ISR"]
[EventCategory "10"]
[SourceTitle "CBM 155 Extra"]
[Source "ChessBase"]
[SourceDate "2013.08.26"]
[SourceVersion "1"]
[SourceVersionDate "2013.08.26"]
[SourceQuality "1"]

1. e4 c5 2. Nf3 Nc6 3. Bb5 d6 4. 0-0 Bd7 5. Re1 Nf6 6. c3 a6 7. Bf1 Bg4 8. d3 e6 9. h3 Bh5 10. Nbd2 Be7 11. g4 Bg6 12. Nh4 Nd7 13. Nxg6 hxg6 14. f4 e5 15. f5 Bg5 16. Nf3 Bxc1 17. Qxc1 Nf6 18. Rb1 Qb6 19. Qg5 gxf5 20. exf5 Rg8 21. Bg2 0-0-0 22. c4 Nb4 23. d4 exd4 24. Re7 Rd7 25. Rxd7 Kxd7 26. Qh4 Kc8 27. g5 Nd7 28. Qe4 Nxa2 29. h4 Qb3 30. Re1 Qxb2 31. f6 gxf6 32. Bh3 Nc3 33. Bxd7+ Kxd7 34. Qe7+ Kc6 35. Qxf7 Ne2+ 36. Kf2 Nf4+ 37. Kg3 fxg5 38. hxg5 Nd3 39. Rf1 Rh8 40. g6 Qe2 41. Nxd4+ cxd4 42. Qd5+ Kb6 43. Rb1+ Nb2 44. Qxd6+ Ka5 45. Qa3+ 1-0

[Event "ISR-chT 1112"]
[Site "Israel"]
[Date "2012.03.02"]
[Round "11.1"]
[White "Sutovsky, Emil"]
[Black "Finkel, Alexander"]
[Result "1-0"]
[WhiteElo "2696"]
[BlackElo "2499"]
[PlyCount "45"]
[EventDate "2011.12.16"]
[EventType "team-tourn"]
[EventRounds "11"]
[EventCountry "ISR"]
[SourceTitle "CBM 148"]
[Source "ChessBase"]
[SourceDate "2012.05.16"]
[SourceVersion "1"]
[SourceVersionDate "2012.05.16"]
[SourceQuality "1"]

1. e4 Nf6 2. e5 Nd5 3. d4 d6 4. Nf3 dxe5 5. c4 e4 6. cxd5 exf3 7. Qxf3 c6 8. Bc4 cxd5 9. Bxd5 e6 10. Bxb7 Qc7 11. Bxc8 Qxc1+ 12. Ke2 Qc4+ 13. Kd1 Nc6 14. Nd2 Qb5 15. a4 Qb6 16. Bxe6 fxe6 17. Re1 Kd7 18. d5 exd5 19. Qf5+ Kc7 20. Qf7+ Be7 21. Rxe7+ Nxe7 22. Qxe7+ Kb8 23. Ra3 1-0

[Event "ISR-chT 1112"]
[Site "Israel"]
[Date "2012.01.06"]
[Round "5.1"]
[White "Finkel, Alexander"]
[Black "Soffer, Ram"]
[Result "1/2-1/2"]
[WhiteElo "2499"]
[BlackElo "2488"]
[PlyCount "114"]
[EventDate "2011.12.16"]
[EventType "team-tourn"]
[EventRounds "11"]
[EventCountry "ISR"]
[SourceTitle "EXT 2013"]
[Source "ChessBase"]
[SourceDate "2012.11.22"]
[SourceVersion "1"]
[SourceVersionDate "2012.11.22"]
[SourceQuality "1"]

1. e4 e6 2. d4 d5 3. exd5 exd5 4. c4 Bb4+ 5. Nc3 Nf6 6. Nf3 0-0 7. Be3 Bg4 8. Qb3 Nc6 9. Ne5 dxc4 10. Bxc4 Nxd4 11. Nxf7 Nxb3 12. Nxd8+ Kh8 13. axb3 Raxd8 14. h3 Bc8 15. Rxa7 Ne4 16. 0-0 Nxc3 17. bxc3 Bxc3 18. Rc1 Bb4 19. Be2 c6 20. Bc5 Bxc5 21. Rxc5 g6 22. b4 Rd2 23. Bf3 Rb2 24. Rc4 Be6 25. Re4 Bd5 26. Re7 Rxb4 27. Bxd5 cxd5 28. Raxb7 Rxb7 29. Rxb7 Re8 30. Rd7 Re1+ 31. Kh2 Rd1 32. Kg3 Rd2 33. Kf3 g5 34. g3 Kg8 35. Ke3 Rd1 36. Ke2 Rd4 37. f3 h6 38. g4 Kh8 39. Kf2 Rd2+ 40. Kg3 Rd3 41. Rf7 Kg8 42. Rf5 Kg7 43. h4 Kg6 44. h5+ Kg7 45. Kf2 Rd2+ 46. Ke3 Rd1 47. Ke2 Rd4 48. Re5 Kf7 49. Re3 Rf4 50. Ra3 d4 51. Ra7+ Kf8 52. Ra6 Kg7 53. Rg6+ Kh7 54. Re6 Kg7 55. Re7+ Rf7 56. Rxf7+ Kxf7 57. Kd3 Ke7 1/2-1/2

[Event "ISR-chT 1011"]
[Site "Israel"]
[Date "2011.03.11"]
[Round "5.4"]
[White "Finkel, Alexander"]
[Black "Nabaty, Tamir"]
[Result "1-0"]
[WhiteElo "2476"]
[BlackElo "2565"]
[PlyCount "39"]
[EventDate "2010.12.24"]
[EventType "team-tourn"]
[EventRounds "11"]
[EventCountry "ISR"]
[SourceTitle "EXT 2012"]
[Source "ChessBase"]
[SourceDate "2011.11.24"]
[SourceVersion "1"]
[SourceVersionDate "2011.11.24"]
[SourceQuality "1"]
[WhiteTeam "Tel Aviv Shlomo Har Zvi"]
[BlackTeam "Beer Sheva"]
[WhiteTeamCountry "ISR"]
[BlackTeamCountry "ISR"]

1. e4 e5 2. Nc3 Nf6 3. g3 d5 4. exd5 Nxd5 5. Bg2 Nf6 6. Nf3 Nc6 7. 0-0 Bc5 8. Qe1 0-0 9. Nxe5 Nd4 10. Qd1 Re8 11. Nf3 Bg4 12. d3 Qd7 13. Be3 Rxe3 14. fxe3 Nf5 15. Ne5 Bxd1 16. Nxd7 Nxd7 17. d4 Bxc2 18. dxc5 Nxc5 19. Nd5 g6 20. Rfc1 1-0

[Event "ISR-chT 0809"]
[Site "Israel"]
[Date "2009.05.15"]
[Round "9"]
[White "Gesser, Bella"]
[Black "Finkel, Alexander"]
[Result "0-1"]
[WhiteElo "2254"]
[BlackElo "2462"]
[PlyCount "62"]
[EventDate "2008.12.12"]
[EventType "team-tourn"]
[EventRounds "11"]
[EventCountry "ISR"]
[SourceTitle "EXT 2010"]
[Source "ChessBase"]
[SourceDate "2010.11.25"]
[SourceVersion "1"]
[SourceVersionDate "2010.11.25"]
[SourceQuality "1"]

1. d4 g6 2. c4 Bg7 3. e4 d6 4. Nc3 Nf6 5. f3 a6 6. Be3 c6 7. Bd3 b5 8. a3 Nbd7 9. Nge2 bxc4 10. Bxc4 d5 11. exd5 Nb6 12. Ba2 cxd5 13. Nf4 0-0 14. Nd3 Nc4 15. Bxc4 dxc4 16. Ne5 Nd5 17. Bf2 Nf4 18. 0-0 Bf5 19. Re1 Rb8 20. Qd2 Nd3 21. Nxd3 Bxd3 22. d5 Rb3 23. Bc5 Qa5 24. Bxe7 Qb6+ 25. Kh1 Rxb2 26. Na4 Rxd2 27. Nxb6 Bxa1 28. Rxa1 Rb8 29. Bb4 Rb2 30. Na4 Rb3 31. Nc5 a5 0-1

[Event "ISR-chT 0809"]
[Site "Israel"]
[Date "2009.05.08"]
[Round "7"]
[White "Zilberman, Yaacov"]
[Black "Finkel, Alexander"]
[Result "0-1"]
[WhiteElo "2447"]
[BlackElo "2462"]
[PlyCount "66"]
[EventDate "2008.12.12"]
[EventType "team-tourn"]
[EventRounds "11"]
[EventCountry "ISR"]
[SourceTitle "EXT 2010"]
[Source "ChessBase"]
[SourceDate "2010.11.25"]
[SourceVersion "1"]
[SourceVersionDate "2010.11.25"]
[SourceQuality "1"]

1. d4 g6 2. e4 Bg7 3. Nc3 d6 4. Nge2 Nc6 5. d5 Ne5 6. f4 Nd7 7. Be3 Ngf6 8. Qd2 c6 9. 0-0-0 cxd5 10. exd5 Nc5 11. Bd4 Bd7 12. Ng3 0-0 13. Be2 Rb8 14. Rhe1 b5 15. b4 Na4 16. Nxa4 bxa4 17. Bxa7 Rc8 18. Bd4 Qc7 19. c4 e6 20. Bxf6 Bxf6 21. Ne4 Bg7 22. dxe6 Bxe6 23. Nxd6 Rfd8 24. c5 Bf8 25. Kb1 Bf5+ 26. Bd3 Bxd6 27. Bxf5 Bxf4 28. Qc2 gxf5 29. Qxf5 Bh6 30. Rxd8+ Qxd8 31. b5 Rb8 32. b6 Qd2 33. Qe5 Qd3+ 0-1

[Event "ISR-chT 0809"]
[Site "Israel"]
[Date "2008.12.12"]
[Round "1"]
[White "Finkel, Alexander"]
[Black "Kaplan, Sasha"]
[Result "1/2-1/2"]
[WhiteElo "2462"]
[BlackElo "2425"]
[PlyCount "94"]
[EventDate "2008.12.12"]
[EventType "team-tourn"]
[EventRounds "11"]
[EventCountry "ISR"]
[SourceTitle "EXT 2010"]
[Source "ChessBase"]
[SourceDate "2010.11.25"]
[SourceVersion "1"]
[SourceVersionDate "2010.11.25"]
[SourceQuality "1"]

1. d4 d5 2. c4 c6 3. Nf3 Nf6 4. e3 e6 5. Bd3 dxc4 6. Bxc4 Nbd7 7. 0-0 Bd6 8. Nc3 b5 9. Bd3 Bb7 10. a3 0-0 11. Qc2 Rc8 12. b4 a5 13. bxa5 Qxa5 14. Bd2 Qa8 15. Be2 e5 16. Qf5 Rfe8 17. Bd3 Rcd8 18. Ng5 g6 19. Qh3 Bf8 20. Qh4 h6 21. Nge4 Nxe4 22. Bxe4 Bg7 23. Bc2 Nf6 24. Bb3 g5 25. Qh3 exd4 26. exd4 Rxd4 27. Rfd1 Qc8 28. Qxc8 Bxc8 29. Be3 Rxd1+ 30. Nxd1 c5 31. Kf1 Ng4 32. Rc1 c4 33. Ba2 Nxh2+ 34. Kg1 Ng4 35. a4 Nxe3 36. Nxe3 bxa4 37. Rxc4 Bd7 38. Rc7 Be6 39. Bxe6 Rxe6 40. Ra7 Re4 41. g3 Bb2 42. Nf5 a3 43. Nxh6+ Kg7 44. Nf5+ Kg6 45. Ne3 Bc1 46. Nc2 Re2 47. Nxa3 Bxa3 1/2-1/2

[Event "ISR-chT 08"]
[Site "Israel"]
[Date "2008.05.17"]
[Round "9.3"]
[White "Kaplan, Sasha"]
[Black "Finkel, Alexander"]
[Result "1-0"]
[WhiteElo "2456"]
[BlackElo "2463"]
[PlyCount "109"]
[EventDate "2007.12.26"]
[EventType "team-tourn"]
[EventRounds "11"]
[EventCountry "ISR"]
[SourceTitle "EXT 2009"]
[Source "ChessBase"]
[SourceDate "2008.11.26"]
[SourceVersion "1"]
[SourceVersionDate "2008.11.26"]
[SourceQuality "1"]
[WhiteTeam "Rishon Le Zion Feldklein"]
[BlackTeam "Tel Aviv Shlomo Har Zvi"]
[WhiteTeamCountry "ISR"]
[BlackTeamCountry "ISR"]

1. e4 Nf6 2. e5 Nd5 3. d4 d6 4. c4 Nb6 5. exd6 exd6 6. Nc3 Be7 7. h3 0-0 8. Nf3 c5 9. d5 Bf6 10. Bd3 Bxc3+ 11. bxc3 Re8+ 12. Be3 Qf6 13. 0-0 h6 14. a4 Qxc3 15. Re1 Bd7 16. Rc1 Qf6 17. a5 Na4 18. Qb3 Qb2 19. Qxb2 Nxb2 20. Bf1 Bf5 21. Bf4 Rd8 22. Rc3 g5 23. Bc1 Na4 24. Ra3 Bd7 25. Be2 a6 26. Bd2 Re8 27. Bd3 b5 28. axb6 Nxb6 29. Ba5 Rxe1+ 30. Nxe1 Nc8 31. Rb3 Ba4 32. Rb7 Nd7 33. Bc2 Bxc2 34. Nxc2 Ra7 35. Rb1 Kh7 36. Ne3 Kg6 37. g4 Ne7 38. Kg2 h5 39. Bd8 Nc8 40. Ba5 h4 41. Nf5 f6 42. f4 gxf4 43. Nxh4+ Kf7 44. Nf5 Ndb6 45. Rxb6 Nxb6 46. Nxd6+ Kg6 47. Bxb6 Re7 48. Bxc5 a5 49. Nb5 Rh7 50. d6 f5 51. Bb6 fxg4 52. hxg4 Kg5 53. c5 Kxg4 54. c6 f3+ 55. Kg1 1-0

[Event "ISR-chT 08"]
[Site "Israel"]
[Date "2008.04.05"]
[Round "7.3"]
[White "Kogan, Artur"]
[Black "Finkel, Alexander"]
[Result "1/2-1/2"]
[WhiteElo "2591"]
[BlackElo "2463"]
[PlyCount "69"]
[EventDate "2007.12.26"]
[EventType "team-tourn"]
[EventRounds "11"]
[EventCountry "ISR"]
[SourceTitle "EXT 2009"]
[Source "ChessBase"]
[SourceDate "2008.11.26"]
[SourceVersion "1"]
[SourceVersionDate "2008.11.26"]
[SourceQuality "1"]
[WhiteTeam "Ashdod"]
[BlackTeam "Tel Aviv Shlomo Har Zvi"]
[WhiteTeamCountry "ISR"]
[BlackTeamCountry "ISR"]

1. e4 Nf6 2. e5 Nd5 3. d4 d6 4. c4 Nb6 5. f4 Bf5 6. Nc3 dxe5 7. fxe5 Nc6 8. Be3 e6 9. Nf3 Bg4 10. Be2 Bxf3 11. gxf3 Qh4+ 12. Bf2 Qf4 13. c5 Nd5 14. Nxd5 exd5 15. Qd2 Qxd2+ 16. Kxd2 g6 17. h4 h5 18. Bd3 Bh6+ 19. Kc3 Kd7 20. Rhf1 Ke6 21. b4 Ne7 22. b5 Nf5 23. a4 Bf8 24. a5 Be7 25. Rh1 Rab8 26. Kd2 Rhc8 27. Ke2 Bd8 28. f4 c6 29. Rhb1 Nxh4 30. Bxh4 Bxh4 31. f5+ gxf5 32. Rh1 Bg5 33. Rxh5 f6 34. Rf1 f4 35. Kf3 1/2-1/2